000 01891nam a22003017a 4500
003 DO-SdBNP
005 20220713122745.0
007 ta
008 220203b2019 dr ||||| |||| 00| 0 spa d
020 _a9789945803563
040 _aDO-SdBNP
_bspa
_cBNPHU
082 4 _a327.7293
_222
_bC389c
100 1 _aCedeño, Zoila
_981109
245 1 3 _aLa carrera diplomática y consular en la República Dominicana /
_cZoila María Cedeño Martínez ; prólogo Luis González.
260 _aSanto Domingo :
_bAmigo del Hogar
_c2019.
300 _a370 p. ;
_c23 cm.
500 _aIncluye datos biográficos de la autora en las solapas.
500 _aIncluye referencias bibliográficas y notas al pie de las páginas.
504 _aBibliografía : p. 361-370
505 0 _aDedicatoria --
_tAgradecimientos --
_tPresebtación de la autora --
_tPrólogo --
_gCapítulo I.
_tOrígenes de la diplomacia : definiciones y conceptualizaciones --
_gCapítulo II
_tLa diferentes etapas históricas de la diplomacia --
_gCapítulo III
_tLos aportes de la diplomacia dominicana al derecho interamericano --
_gCapítulo IV
_tLa carrera diplomática y consular en la República Dominicana --
_gCapítulo V
_tEl Instituto Superior de Educación y Formación Diplomática y Consular (INESDYC) --
_gCapítulo VI
_tLey orgánica 630-16 del Ministerio de Relaciones Exteriores --
_gCapítulo VII
_tLas cuatro funciones diplomática --
_gCapítulo VIII
_tLos lineamientos de la política exterior dominicana de los nuevos tirmpos en manos del canciller Miguel Vargas Maldonado --
_tAnexos
590 _aInventariado, 2022 /LP
650 4 _aDiplomatas
_zRepública Dominicana
_981999
651 4 _aRepública Dominicana
_xServicio diplomático y consular
_93000
651 4 _aRepública Dominicana
_xRelaciones exteriores
_92258
700 1 _aGonzález, Luis,
_epról.
_933604
910 _aLopérez.
942 _2ddc
_cLBS1
999 _c51318
_d51318